00427 a2200145 450000100060000000300050000600500170001100800410002802000180006908200190008710000210010624500900012726000470021730000170026486172NUST20180122091459.0180122b xxu||||| |||| 00| 0 eng d a9781107019058 a352.350954 BUS aJennifer Bussell aCorruption and reform in India : public services in the digital agecJennifer Bussell aNew YorkbCambridge University Pressc2012 axiii, 306 p.